Szczegóły MARC21

Słownik metod, technik i form pracy socjalnej, opiekuńczej i terapeutycznej. T. 4 /

003 -Nazwa inst., której nr kontr. jest w polu 001 [,]
    • @
    • Nazwa instytucji, której n kontrolny jest w polu 001
    • NUKAT
005 -DATA I CZAS OSTATNIEJ MODYFIKACJI [,]
    • @
    • pole kontrolne
    • 20241231102700.0
020 -Międzynarod. znormalizowany nr książki - ISBN [ , ]
    • a
    • Numer ISBN
    • 9788373956988 Find
040 -Instytucja sporządzająca opis [ , ]
    • a
    • Instytucja, która sporządziła opis (NP)
    • KR U/PA
    • c
    • Instytucja, która sporządziła rekord (NP)
    • KR U/PAs
    • d
    • Instytucja, która zmodyfikowała rekord (P)
    • KR U/sid
    • d
    • Instytucja, która zmodyfikowała rekord (P)
    • WA M/LA
942 -Rodzaj dokumentu [ , ]
    • c
    • Rodzaj dokumentu
    • Książka
245 -Strefa tytułu i oznaczenia odpowiedzialności [0,0]
    • a
    • Tytuł
    • Słownik metod, technik i form pracy socjalnej, opiekuńczej i terapeutycznej. Find
    • n
    • Oznaczenie części (P)
    • T. 4 /
    • c
    • Pozostałe elementy strefy tytułu i oznaczenia odpowiedzialności (NP)
    • redakcja naukowa Anna Weissbrot-Koziarska, Iwona Dąbrowska-Jabłońska ; Uniwersytet Opolski.
260 -Strefa adresu wydawniczego [ , ]
    • a
    • Miejsce wydania (P)
    • Opole :
    • b
    • Nazwa wydawcy (P)
    • Wydawnictwo Uniwersytetu Opolskiego,
    • c
    • Data wydania (P)
    • 2016.
300 -Strefa opisu fizycznego [ , ]
    • a
    • Określenie formy książki i/lub objętość (NP)
    • 188 s. ;
    • c
    • Format (NP)
    • 24 cm.
336 -Typ zawartości [ , ]
    • a
    • Termin opisujący typ zawartości
    • Tekst
    • b
    • Kod określający zawartość
    • txt
    • 2
    • Źródło (terminu i kodu)
    • rdacontent
337 -Typ mediów [ , ]
    • a
    • Tryb odtwarzania
    • Bez urządzenia pośredniczącego
    • b
    • Kod typu mediów
    • n
    • 2
    • Źródło (terminu i kodu)
    • rdamedia
338 -Typ/rodzaj nośnika [ , ]
    • a
    • Hasło opisujące typ nośnika
    • Wolumin
    • b
    • Kod typu nośnika
    • nc
    • 2
    • Źródło (terminu i kodu)
    • rdacarrier
504 -Uwaga dot. bibliogr. załącznikowej [ , ]
    • a
    • Uwaga dot. bibliografii załącznikowej
    • Bibliogr. przy hasłach.
521 -Uwaga dot. przeznaczenia czytelniczego [8, ]
    • a
    • Uwaga dot. przeznaczenia czytelniczego
    • Dla studentów, nauczycieli, pedagogów i terapeutów oraz pracowników socjalnych.
650 -Hasło przedmiotowe [ ,7]
    • a
    • Hasło przedmiotowe
    • Opieka społeczna
    • v
    • Określnik formalny
    • słowniki.
    • 2
    • Źródło terminu
    • kaba
    • 9
    • KHW
    • 384355
650 -Hasło przedmiotowe [ ,7]
    • a
    • Hasło przedmiotowe
    • Pedagogika społeczna
    • v
    • Określnik formalny
    • słowniki.
    • 2
    • Źródło terminu
    • kaba
    • 9
    • KHW
    • 384356
700 -Hasło dodatkowe - nazwa osobowa [1, ]
    • a
    • Nazwa osobowa (NP)
    • Weissbrot-Koziarska, Anna. Find
    • e
    • Określenie rodzaju współpracy
    • Red.
    • 9
    • KHW
    • 50104
700 -Hasło dodatkowe - nazwa osobowa [1, ]
    • a
    • Nazwa osobowa (NP)
    • Dąbrowska-Jabłońska, Iwona. Find
    • e
    • Określenie rodzaju współpracy
    • Red.
    • 9
    • KHW
    • 46903
710 -Hasło dodatkowe - nazwa ciała zbiorowego [2, ]
    • a
    • Nazwa ciała zbiorowego lub nazwa geograficzna jako pierwszy element (NP)
    • Uniwersytet Opolski.
    • b
    • Nazwa jednostki podrzędnej (P)
    • Wydawnictwo.
    • 4
    • Kod relacji
    • pbl
    • 9
    • KHW
    • 61272
710 -Hasło dodatkowe - nazwa ciała zbiorowego [2, ]
    • a
    • Nazwa ciała zbiorowego lub nazwa geograficzna jako pierwszy element (NP)
    • Uniwersytet Opolski.
    • 9
    • KHW
    • 10762
920 -ISBN [ , ]
    • a
    • ISBN
    • 978-83-7395-698-8 Find
Numer inwentarzowy Status udost. Data inwentaryzacji Lokalizacja
Z.12312412018-10-22BG